000 00610nam a2200241Ia 4500
003 OSt
005 20221005025211.0
006 a|||||r|||| 00| 0
007 ta
008 221004b |||||||| |||| 00| 0 eng d
024 _a16348
037 _cTextual
040 _aCRL
_cCRL
_beng
041 _2eng
_aeng
082 _an2, N33
100 _aSarkar S. ed.
245 0 _aHindustan yearbook and who's who 1991
260 _aCalcutta
_bM.C. Sarkar
_c1991
300 _a284+269p.
_ccm.
650 _aGENERALIA
942 _hn2, N33
_cTEXL
_2cc
999 _c934339
_d934339